000
00338nam a2200145Ia 4500
100
_a
Taylor /John T/ Huang/Quiting
942
_c
RB
654
_a
Electronics
245
_a
CRC Handbook of Electrical fitters
260
_b
CRC Press
_a
Mumbai
_c
1997
082
_a
621.3815324
_b
TAY
300
_a
427
546
_a
ENGLISH
999
_c
28539
_d
28539